Généraux de Kingdom - Statistiques

Statistiques générales
  • Ce quiz a été pris 517 fois
    109 depuis la dernière actualisation
  • Le résultat moyen est 30 sur 133
Statistiques - réponses
Pays Réponse % Correct
Qin : Hi Shin Ri Shin
100%
Qin : 6 grands généraux Kan Ki
92%
Qin : 6 grands généraux Ou Sen
92%
Qin : Anciens 6 grands généraux Ou Ki
91%
Qin : Anciens 6 grands généraux Kyou
88%
Qin : 6 grands généraux Tou
80%
Qin : Hi Shin Kyoukai
75%
Qin : Gakuka Mou Ten
75%
Zhao : 3 grands cieux Ri Boku
75%
Qin : Gyoku Hou Ou Hon
73%
Qin : 6 grands généraux Yo Tan Wa
70%
Zhao : Anciens 3 grands cieux / Wei / Chu Ren Pa
69%
Qin : 6 grands généraux Mou Bu
67%
Qin An Kai
63%
Qin A Kou
61%
Qin Mou Gou
59%
Qin He Ki
56%
Zhao : 3 grands cieux Houken
55%
Chu Ka Rin
52%
Wei Go Hou mei
48%
Zhao : Seika Shi Ba Shou
48%
Qin Duke Hyou
47%
Qin Roku O Mi
45%
Qin : Anciens 6 grands généraux Haku Ki
44%
Qin Ma Kou
44%
Chu Kan Mei
42%
Zhao Kei Sha
39%
Qin : Gyoku Hou Akakin
38%
Zhao : Rigan Ki Sui
38%
Zhao / Wei : Rois celestes Rin Ko
38%
Zhao Bananji
36%
Qin Denrimi
36%
Qin Rai Do
36%
Qin : Gakuka Ai Sen
34%
Zhao Fu tei
34%
Zhao : Rigan Ba Tei
33%
Wei : Dragons de feu Go Kei
33%
Zhao Man Goku
33%
Yan Ordo
33%
Qin Chou Tou
30%
Zhao : Seika Kan Saro
30%
Wei : Dragons de feu Gai Mou
28%
Qin Kan Ou
27%
Qin Sou Ou
25%
Zhao : Seika Ji Aga
23%
Qin : Gakuka Riku Sen
23%
Chu Haku Rei
22%
Han Sei Kai
20%
Chu Kou Yoku
19%
Chu : Juuko Man'U
19%
Han Raku'A Kan
19%
Wei : Dragons de feu Comte Shi
17%
Zhao Gaku'Ei
17%
Zhao : Kantan Ko Chou
17%
Qin : Anciens 6 grands généraux Ou Kotsu
17%
Qin Rin Bou
17%
Yan Gaku Ki
16%
Zhao / Wei : Rois celestes Gen Pou
16%
Qin : Gyoku Hou Kan Jou
16%
Wei : Dragons de feu Rei Ou
16%
Chu Rin Bu Kun
16%
Zhao Shun Sui Ju
16%
Zhao Fuu Ki
14%
Yan Geki Shin
14%
Qin : Anciens 6 grands généraux Ko Shou
14%
Qin Ryuu Koku
14%
Zhao : Kantan Chou Ga Ryuu
13%
Qin Dou Kin
13%
Zhao Ri Haku
13%
Zhao Shou Mou
13%
Zhao : Kantan Gyou'Un
11%
Zhao Kin Mou
11%
Zhao Kou Son Ryuu
11%
Zhao / Wei : Rois celestes Kyou En
11%
Zhao : Anciens 3 grands cieux Rin Shoujou
11%
Zhao / Wei : Rois celestes Kai Shi Bou
9%
Zhao : Anciens 3 grands cieux Chousha
8%
Qin Chou So
8%
Wei Ran Bi Haku
8%
Qin : Anciens 6 grands généraux Shi Ba Saku
8%
Wei : Dragons de feu Ba Tou
6%
Qin Do Mon
6%
Qin Ei Bi
6%
Qin Koku Ou
6%
Wei Ma Ki
6%
Qin Rai Ki
6%
Zhao Chou Sou
5%
Zhao : Gian En Kan
5%
Zhao : Seika Gaku Shou
5%
Chu : Juuko Gen'U
5%
Wei Haku Ki Sai
5%
Wei Jun Ei
5%
Zhao Ko Haku Kou
5%
Qin Ri Ju
5%
Zhao : Ryouyou Rozo
5%
Wei Ryuu Han
5%
Chu : Juuko Sento'Un
5%
Wei : Dragons de feu Tai Roji
5%
Zhao : Ganmon Kotsu Min Haku
3%
Qi Kou Shou
3%
Qin Na Raku
3%
Qin Ra Gen
3%
Zhao : Rigan Ryuu Tou
3%
Qin Shin Shou
3%
Wei : Dragons de feu Shou Sen
3%
Wei Shu Ki
3%
Wei Ba Kai
2%
Han Bi Kei
2%
Zhao Chou Haku
2%
Zhao Comte Rai
2%
Qin Fuu Han
2%
Qin Gaku Ga
2%
Zhao : Eikyuu Gaku Haku Kou
2%
Zhao Gi Ka
2%
Han Hai Don
2%
Han Hakuou Koku
2%
Ai Han O Ki
2%
Zhao : Seika Jyou Ka Ryuu
2%
Wei Kyuu Gen
2%
Qin Rin Goku
2%
Zhao Ryuu Fuu
2%
Zhao Ryuu Haku Kou
2%
Chu Bei Man
0%
Zhao Comte Kou
0%
Wei Ga Gyuu
0%
Chu Gou Ma Sho
0%
Zhao : Rigan Kai Gou
0%
Wei Kan Ei
0%
Qin : Gan Koku Gou
0%
Qin Koku Shuuba
0%
Qin Kou Ryuu
0%
Zhao Shin Sei Jou
0%
Qin : Taigen Sou Ha Kou
0%
Aucun quiz correspondant
Distribution des résultats
% des personnes avec chaque résultat
Percentile par nombre de réponses
Votre historique - résultats
Vous n’avez pas pris ce quiz depuis la dernière actualisation